7 Deadly Sins and 9 Circles of Hell - Statistics

General Stats
  • This quiz has been taken 40 times
  • The average score is 8 of 16
Answers on the Grid
Answers color-coded by a green-red scale on the quiz's grid according to % correct below.
Treachery
Fury
Wrath
Sulleness
Mischief
Greed
Pride
Sloth
Deceit
Gluttony
Psychotic
Fear
Envy
Hunger
Abuse
Limbo
Lust
Revenge
Heresy
Power Abuse
Harm
Violence
Blackmail
Styx
Fraud
Trickery
Cocytus
Dis
Bloodshed
Cheating
 
Answer Stats
Answer % Correct
Wrath
100%
Greed
95%
Sloth
90%
Pride
85%
Gluttony
80%
Lust
75%
Envy
65%
Limbo
50%
Heresy
35%
Treachery
35%
Styx
30%
Dis
25%
Cocytus
20%
Fraud
20%
Sulleness
15%
Violence
15%
No matching quizzes found
Score Distribution
Percent of People with Each Score
Percentile by Number Answered
Your Score History
You have not taken this quiz